000 00571nam a2200193Ia 4500
005 20250923145317.0
008 008 250917s9999 xx 000 0 eng d
037 _aTextual
040 _aDSWL
_beng
_cDSWL
041 _aeng
_2eng
084 _aY5927.235, 155N73
_qDSWL
245 0 _aegkjk"Vªkrhy nfyr & 'kks/k vkf.k cks/k
_c by xksfoan( fyes] Xkksj]
260 _blgk/;;u izdk'ku
_c1973
365 _aINR
_b15 . 0
700 _a f'kjkekÅ
_9833933
925 _g15 . 0
942 _cTEXL
_hY5927.235, 155N73
999 _c1449799
_d1449799